000 00618nam a22002177a 4500
003 UA-OsUOA
001 81850
007 ta
008 20120209b un ||||| |||| 00| 0 ukr d
100 _aГусева Т.К.
090 _a82
_bГ96
942 _cSA
040 _aUA-OsUOA
_brus
_cUA-OsUOA
_dUA-OsUOA
245 _aФилософия эстетики Хосе Ортеги-и-Гассета
300 _aС.87-101
955 _a0
041 _arus
080 _a82
773 0 _w81843
_tВопрсы филологии
_dМ.
_d2011
_g1
650 7 _a82 Література. Літературознавство
_2UDC
999 _c368161
_d368161